Estadísticas para sinónimos Luis

Haz click aquí para intentar la prueba.

Estadísticas generales

  • Esta prueba ha sido intentada 13 veces
  • La puntuación promedio es 5 de 25

Estadísticas de respuestas

HintRespuesta% Correcto
rabocola
80%
chistebroma
60%
me apename entristece
60%
sorbotrago
60%
aptitudcapacidad
20%
en efectoefectivamente
20%
es deciresto es
20%
embestirgolpear
20%
asimismoigualmente
20%
prestigiosoilustre
20%
me aterrorizame horroriza
20%
me enfadame indigna
20%
me preocupame inquieta
20%
gansooca
20%
en consequenciapor consiguiente
20%
subirremontar
20%
basuraresiduos
20%
razonable 2sensato
20%
ante todoantes que nada
0%
razonablecuerdo
0%
por supuestodesde luego
0%
satisfactoriogratificante
0%
perfectoimpecable
0%
ahora bienno obstante
0%
prestigioso 2reconocido
0%

Distribución de puntuación

Porcentaje por número respondido

Porcentaje de gente con cada puntuación

Historial de tus puntuaciones

No has intentado esta prueba.